[Event "4NCL Online Division 7"]
[Site "online"]
[Date "2021.03.09"]
[EventDate "2021.03.09"]
[Round "4.284"]
[White "Kashanin, Dimitry"]
[WhiteElo "967"]
[WhiteTeam "St Benildus E"]
[Black "Cuthbert, Larissa"]
[BlackElo "1429"]
[BlackTeam "Wessex Some Stars G"]
[Result "1-0"]
[PlyCount "73"]

1. e4 e6 2. d4 d5 3. Nd2 Nf6 4. e5 Nfd7 5. c3 c5 6. Bd3 Nc6 7. Ne2 Qb6 8. Nf3 cxd4 9. cxd4 Bb4+ 10. Bd2 O-O 11. O-O Bxd2 12. Qxd2 Nb4 13. Bb1 f6 14. a3 fxe5 15. axb4 exd4 16. Nexd4 e5 17. Ne2 e4 18. Qxd5+ Kh8 19. Qxe4 Nf6 20. Qc2 Qxb4 21. Ra4 Qb5 22. Rh4 h6 23. Ned4 Qd5 24. Re1 Bg4 25. Rxg4 Rac8 26. Qd3 Kg8 27. Rg3 Rc4 28. Ba2 Rxd4 29. Bxd5+ Nxd5 30. Qxd4 Nf6 31. Re7 Rc8 32. h3 b5 33. Rgxg7+ Kh8 34. Qxf6 Rc1+ 35. Kh2 Rh1+ 36. Kxh1 h5 37. Qh6# 1-0

[Event "4NCL Online Division 7"]
[Site "online"]
[Date "2021.03.09"]
[EventDate "2021.03.09"]
[Round "4.292"]
[White "Adatia, Amar"]
[WhiteElo "1373"]
[WhiteTeam "Streatham C"]
[Black "Catabay, Rezin C"]
[BlackElo "1306"]
[BlackTeam "Colchester JFF B"]
[Result "1-0"]
[PlyCount "69"]

1. d4 Nf6 2. c4 c5 3. e3 Nc6 4. Nf3 cxd4 5. exd4 d5 6. Bf4 Bf5 7. Nc3 a6 8. Qb3 e6 9. cxd5 exd5 10. Rc1 Bd6 11. Ne5 Nxd4 12. Qxb7 Bxe5 13. Bxe5 Nc2+ 14. Kd2 d4 15. Qc6+ Bd7 16. Bxf6 dxc3+ 17. Kxc2 gxf6 18. Qe4+ Kf8 19. bxc3 Rc8 20. Bxa6 Ra8 21. Bc4 Ba4+ 22. Bb3 Bd7 23. Qb4+ Kg8 24. Rhe1 Kg7 25. Rcd1 Bf5+ 26. Kb2 Qc7 27. Re7 Qxh2 28. Rxf7+ Kg6 29. Qe7 Qh4 30. g3 Qg5 31. Rg7+ Kh6 32. Rh1+ Qh5 33. Qxf6+ Bg6 34. Rxh5+ Kxh5 35. Qh4# 1-0

[Event "4NCL Online Division 7"]
[Site "online"]
[Date "2021.03.09"]
[EventDate "2021.03.09"]
[Round "4.293"]
[White "Balaggan, Karam S"]
[WhiteElo "1296"]
[WhiteTeam "Colchester JFF B"]
[Black "Isaacs, Ruairi"]
[BlackElo "1338"]
[BlackTeam "Streatham C"]
[Result "1-0"]
[PlyCount "53"]

1. e4 c5 2. Nf3 e6 3. d4 cxd4 4. Nxd4 d6 5. Nc3 Nc6 6. Be3 Nxd4 7. Qxd4 Bd7 8. O-O-O Nf6 9. f4 Ng4 10. Bd2 e5 11. Qg1 Rc8 12. h3 Nf6 13. Qxa7 Qc7 14. Bd3 d5 15. fxe5 Nxe4 16. Nxe4 dxe4 17. Bxe4 Qxe5 18. Qxb7 Ba3 19. Bc3 Rxc3 20. Qxd7+ Kf8 21. Qd8+ Qe8 22. Qxe8+ Kxe8 23. bxa3 Rxa3 24. Kb2 Ra4 25. Bc6+ Ke7 26. Bxa4 Rb8+ 27. Bb3 1-0

[Event "4NCL Online Division 7"]
[Site "online"]
[Date "2021.03.09"]
[EventDate "2021.03.09"]
[Round "4.294"]
[White "McNeil, Eric Dylan"]
[WhiteElo "1004"]
[WhiteTeam "Streatham C"]
[Black "Popovici, Serena"]
[BlackElo "1250"]
[BlackTeam "Colchester JFF B"]
[Result "1-0"]
[PlyCount "55"]

1. c4 e5 2. Nc3 Bc5 3. g3 Nf6 4. Bg2 d6 5. e3 Nc6 6. Nge2 Be6 7. d4 exd4 8. exd4 Nxd4 9. Nxd4 c6 10. Nxe6 Qe7 11. O-O Qxe6 12. Re1 Qxe1+ 13. Qxe1+ Kf8 14. Be3 Re8 15. Qd2 Kg8 16. Bxc5 dxc5 17. Re1 Rxe1+ 18. Qxe1 g6 19. Qe7 Kg7 20. Qxb7 Re8 21. Qxc6 Re1+ 22. Bf1 Re5 23. Nd5 Ng4 24. h3 Nf6 25. Qxf6+ Kg8 26. Qxe5 h5 27. Nf6+ Kg7 28. Nxh5+ 1-0

[Event "4NCL Online Division 7"]
[Site "online"]
[Date "2021.03.09"]
[EventDate "2021.03.09"]
[Round "4.301"]
[White "Colm, O'Hara"]
[WhiteElo "1892"]
[WhiteTeam "BCC Dinosaurs"]
[Black "Scott, Ian"]
[BlackElo "1578"]
[BlackTeam "St Andrews White Cross 2"]
[Result "1-0"]
[PlyCount "101"]

1. e4 c6 2. Nf3 d5 3. Nc3 d4 4. Ne2 c5 5. c3 d3 6. Nf4 c4 7. Qa4+ Bd7 8. Qxc4 e6 9. Bxd3 Nc6 10. Bc2 Rc8 11. Qe2 Bd6 12. d4 Nge7 13. e5 Bb8 14. O-O b5 15. Bd2 a5 16. Qd3 b4 17. Nh5 Ng6 18. Nxg7+ Kf8 19. Bh6 Kg8 20. Nh5 1-0

[Event "4NCL Online Division 7"]
[Site "online"]
[Date "2021.03.09"]
[EventDate "2021.03.09"]
[Round "4.302"]
[White "Bettley, Mark S"]
[WhiteElo "1557"]
[WhiteTeam "St Andrews White Cross 2"]
[Black "Evans, Damian"]
[BlackElo "1510"]
[BlackTeam "BCC Dinosaurs"]
[Result "0-1"]
[PlyCount "58"]

1. e4 e5 2. Nf3 d6 3. Bc4 c6 4. Nc3 Be7 5. h3 Nf6 6. Bb3 O-O 7. d3 h6 8. O-O Qc7 9. Re1 Nbd7 10. Bd2 Nc5 11. Ne2 a5 12. Be3 Nxb3 13. axb3 d5 14. Bd2 dxe4 15. dxe4 Nxe4 16. Be3 f5 17. Qc1 f4 18. Bd2 Bc5 19. Rf1 b6 20. b4 Nxd2 21. Qxd2 Bxb4 22. c3 Rd8 23. Qc2 Bd6 24. Rfd1 Qe7 25. Rd2 Qf6 26. Rad1 a4 27. Nc1 Bf5 28. Rxd6 Bxc2 29. Rxf6 Rxd1+ 0-1

[Event "4NCL Online Division 7"]
[Site "online"]
[Date "2021.03.09"]
[EventDate "2021.03.09"]
[Round "4.303"]
[White "Reis, David"]
[WhiteElo "1411"]
[WhiteTeam "BCC Dinosaurs"]
[Black "Clayton, N Charles"]
[BlackElo "1479"]
[BlackTeam "St Andrews White Cross 2"]
[Result "1-0"]
[PlyCount "127"]

1. d4 Nf6 2. Bf4 g6 3. e3 Bg7 4. Nf3 d6 5. h3 O-O 6. Be2 b6 7. O-O Bb7 8. Nbd2 Nbd7 9. b3 c5 10. c3 Rc8 11. Rc1 Nd5 12. Bh2 cxd4 13. cxd4 e5 14. dxe5 dxe5 15. Nc4 e4 16. Nfe5 Nxe5 17. Nxe5 f6 18. Rxc8 Qxc8 19. Nc4 Nc3 20. Qc2 Nxe2+ 21. Qxe2 Qc6 22. Rd1 Qb5 23. Qd2 Qc6 24. Qc1 Rc8 25. Rd6 Qe8 26. Qd1 Ba6 27. Bg3 Bxc4 28. bxc4 Qf7 29. Rd7 Qxc4 30. Rd8+ Bf8 31. Rxc8 Qxc8 32. Qd5+ Kg7 33. Qxe4 Qd7 34. Qc2 Bc5 35. Bf4 Bd6 36. Qd3 Qe6 37. Bxd6 Qxa2 38. Bb8 Qa1+ 39. Kh2 Qa5 40. Qd7+ Kh6 41. Qf7 Qf5 42. Bf4+ g5 43. Qf8+ Kg6 44. Qg8+ Kh6 45. Bg3 b5 46. f4 b4 47. fxg5+ fxg5 48. Qb8 a5 49. Qb6+ Kg7 50. Qd4+ Kg6 51. e4 Qe6 52. e5 b3 53. Be1 Kf5 54. g4+ Kg6 55. Bxa5 Qa6 56. Qe4+ Kf7 57. Qxh7+ Ke8 58. Qg8+ Kd7 59. Qf7+ Kc6 60. Qe6+ Kb5 61. Qxb3+ Kxa5 62. Qa3+ Kb6 63. Qxa6+ Kxa6 64. e6 1-0

[Event "4NCL Online Division 7"]
[Site "online"]
[Date "2021.03.09"]
[EventDate "2021.03.09"]
[Round "4.304"]
[White "Askin, Floyd"]
[WhiteElo "1300"]
[WhiteTeam "St Andrews White Cross 2"]
[Black "Cummins, Mark"]
[BlackElo "1162"]
[BlackTeam "BCC Dinosaurs"]
[Result "1-0"]
[PlyCount "147"]

1. d4 Nf6 2. Nf3 d5 3. e3 c6 4. Bd3 Bg4 5. h3 Bh5 6. Nbd2 e6 7. c3 Nbd7 8. e4 dxe4 9. Nxe4 Nxe4 10. Bxe4 Nf6 11. Bd3 Be7 12. Be3 Qb6 13. b3 Nd5 14. Bd2 Qc7 15. O-O Bg6 16. Qc2 Bxd3 17. Qxd3 h5 18. c4 Nb4 19. Bxb4 Bxb4 20. c5 Qf4 21. a3 Ba5 22. b4 Bc7 23. Qe3 Qf6 24. Qg5 O-O-O 25. Qxf6 gxf6 26. Rad1 Rhg8 27. a4 Rd5 28. b5 Rf5 29. Rd3 Rd8 30. bxc6 bxc6 31. Rfd1 Rfd5 32. g3 e5 33. Ne1 e4 34. Re3 Rxd4 35. Rxd4 Rxd4 36. Kg2 Rxa4 37. h4 Kd7 38. Kh3 Ke6 39. g4 hxg4+ 40. Kxg4 f5+ 41. Kg5 f6+ 42. Kg6 Bf4 43. Rh3 Rc4 44. h5 Rxc5 45. h6 Rd5 46. h7 Rd8 47. h8=Q Rxh8 48. Rxh8 a5 49. Ng2 Bd6 50. Ra8 Bb4 51. Ra6 Ke5 52. Rxc6 f4 53. Rxf6 f3 54. Ne3 Bc5 55. Rf5+ Kd4 56. Rd5+ Kc3 57. Rxc5+ Kb4 58. Re5 a4 59. Rxe4+ Kb3 60. Rxa4 Kxa4 61. Kf5 Kb5 62. Kf4 Kc5 63. Kxf3 Kd4 64. Kf4 Kc5 65. Ke4 Kd6 66. f4 Ke6 67. Nd5 Kf7 68. Ke5 Ke8 69. Ke6 Kf8 70. f5 Ke8 71. f6 Kf8 72. Nf4 Kg8 73. Ke7 Kh7 74. f7 1-0

[Event "4NCL Online Division 7"]
[Site "online"]
[Date "2021.03.09"]
[EventDate "2021.03.09"]
[Round "4.312"]
[White "Belur, Ankita"]
[WhiteElo "1345"]
[WhiteTeam "Barnet Knights E"]
[Black "Nagar, Nikunj"]
[BlackElo "653"]
[BlackTeam "East Kilbride Rovers"]
[Result "1-0"]
[PlyCount "69"]

1. c4 e5 2. Nc3 Nf6 3. g3 Nc6 4. Bg2 b6 5. Nf3 Bb7 6. O-O Bc5 7. a3 Qe7 8. b4 Bd6 9. d3 O-O 10. Bb2 Nd4 11. Nxd4 Bxg2 12. Nf5 Qe6 13. Nxg7 Kxg7 14. Kxg2 Rg8 15. Nb5 Kf8 16. c5 Qd5+ 17. f3 bxc5 18. bxc5 Qxc5 19. a4 c6 20. Rc1 Qb4 21. Bc3 Qc5 22. Bd4 Qd5 23. Nxd6 Qxd6 24. Bc5 Qxc5 25. Rxc5 Re8 26. Qb3 Nd5 27. Kf2 Kg7 28. Qc4 Rb8 29. Qg4+ Kf8 30. Qxd7 Nf6 31. Qd6+ Kg7 32. Rxe5 Rbd8 33. Rg5+ Kh8 34. Qxf6+ Rg7 35. Qxg7# 1-0

[Event "4NCL Online Division 7"]
[Site "online"]
[Date "2021.03.09"]
[EventDate "2021.03.09"]
[Round "4.313"]
[White "Pardeshi, Prachi"]
[WhiteElo "523"]
[WhiteTeam "East Kilbride Rovers"]
[Black "Malus, Sean"]
[BlackElo "1330"]
[BlackTeam "Barnet Knights E"]
[Result "1-0"]
[PlyCount "77"]

1. e4 e5 2. Nf3 Nc6 3. Nc3 d6 4. d4 exd4 5. Nxd4 Nxd4 6. Qxd4 Nf6 7. Nd5 Be7 8. Be3 c5 9. Bb5+ Bd7 10. Bxd7+ Qxd7 11. Qc4 Nxd5 12. exd5 b5 13. Qe4 b4 14. O-O h5 15. Bg5 f6 16. Qg6+ Kd8 17. Qxg7 Kc7 18. Bxf6 Bxf6 19. Qxf6 Rhg8 20. Rfe1 Rae8 21. Rxe8 Rxe8 22. Qg5 Qh7 23. h3 Qxc2 24. Qxh5 Rf8 25. f3 Rg8 26. Qf7+ Kb6 27. Qxg8 Qxb2 28. Qb8+ Ka5 29. Qxa7+ Kb5 30. a4+ Kc4 31. Rd1 Qc3 32. Qa6+ Kb3 33. Rd3 Qxd3 34. Qxd3+ Kb2 35. a5 b3 36. a6 Ka2 37. a7 b2 38. Qc2 Ka1 39. a8=Q# 1-0

[Event "4NCL Online Division 7"]
[Site "online"]
[Date "2021.03.09"]
[EventDate "2021.03.09"]
[Round "4.314"]
[White "Zholnin, Ivan"]
[WhiteElo "1324"]
[WhiteTeam "Barnet Knights E"]
[Black "Roul, Tushar"]
[BlackElo "392"]
[BlackTeam "East Kilbride Rovers"]
[Result "0-1"]
[PlyCount "116"]

1. e4 d5 2. exd5 Nf6 3. Nf3 Qxd5 4. Nc3 Qd6 5. d4 Bg4 6. Be2 Nc6 7. Be3 O-O-O 8. Qd2 e5 9. dxe5 Qxd2+ 10. Nxd2 Bxe2 11. exf6 Ba6 12. fxg7 Bxg7 13. O-O-O Bxc3 14. bxc3 Ne5 15. Nb3 Nc4 16. Bd4 Rhg8 17. g3 b6 18. Rhe1 c5 19. Bf6 Rxd1+ 20. Rxd1 Re8 21. Kb1 Na3+ 22. Kc1 Nb5 23. c4 Na3 24. Rd6 Nxc4 25. Bc3 Nxd6 26. Be5 Nc4 27. Bc3 Kd7 28. Kd1 Kc6 29. h4 Rd8+ 30. Ke1 Na3 31. Na1 b5 32. Bb2 b4 33. Bxa3 bxa3 34. Nb3 Bc4 35. Na5+ Kb5 36. Nxc4 Kxc4 37. Ke2 Kc3 38. Kf3 Kxc2 39. Kf4 Kb2 40. Kf5 Kxa2 41. Kf6 Kb3 42. Kxf7 a2 43. Kg7 a1=Q+ 44. Kh6 Rd6+ 45. Kh5 Qe5+ 46. Kg4 Rg6+ 47. Kh3 Qf5+ 48. Kg2 Qf6 49. f3 Qxh4 50. Kf1 Qxg3 51. Ke2 Rf6 52. Ke3 Rxf3+ 53. Ke4 Qg4+ 54. Kd5 Rf5+ 55. Kc6 Qa4+ 56. Kc7 Rf7+ 57. Kd6 Qd7+ 58. Kxc5 Rf5# 0-1

[Event "4NCL Online Division 7"]
[Site "online"]
[Date "2021.03.09"]
[EventDate "2021.03.09"]
[Round "4.321"]
[White "Tarigopula, Pawan Kumar"]
[WhiteElo "1280"]
[WhiteTeam "Uxbridge Fury"]
[Black "Humeniuk, Michael"]
[BlackElo "1496"]
[BlackTeam "Hertford 4"]
[Result "1-0"]
[PlyCount "53"]

1. e4 e5 2. Nf3 Nc6 3. d4 exd4 4. Bc4 h6 5. O-O d6 6. Nxd4 Ne5 7. Bb3 Nf6 8. Nc3 Be7 9. f3 O-O 10. Bf4 a6 11. Re1 c5 12. Bxe5 dxe5 13. Nf5 Bxf5 14. exf5 Qxd1 15. Raxd1 Rac8 16. Bd5 Rb8 17. Rxe5 b6 18. Rxe7 Nxd5 19. Rxd5 Rfd8 20. Rdd7 Re8 21. Rxf7 Re1+ 22. Kf2 Rc1 23. Ne4 Rxc2+ 24. Kg3 c4 25. Rxg7+ Kf8 26. Rdf7+ Ke8 27. Nf6+ 1-0

[Event "4NCL Online Division 7"]
[Site "online"]
[Date "2021.03.09"]
[EventDate "2021.03.09"]
[Round "4.322"]
[White "Gregory, Gerald"]
[WhiteElo "1417"]
[WhiteTeam "Hertford 4"]
[Black "Tarigopula, Varish"]
[BlackElo "1258"]
[BlackTeam "Uxbridge Fury"]
[Result "0-1"]
[PlyCount "84"]

1. e4 e5 2. Nf3 Nc6 3. d4 exd4 4. Bc4 Nf6 5. O-O h6 6. e5 d5 7. exd6 Bxd6 8. Re1+ Ne7 9. Nxd4 O-O 10. Nd2 Nf5 11. N2f3 Re8 12. Rxe8+ Qxe8 13. Qd3 Nxd4 14. Qxd4 Qc6 15. h3 Bf5 16. Bd3 Bxd3 17. Qxd3 Re8 18. Be3 Bc5 19. Bxc5 Qxc5 20. c3 Ne4 21. Nd4 Qd5 22. Re1 c5 23. c4 Qxd4 24. Qxd4 cxd4 25. f3 Nf6 26. Rxe8+ Nxe8 27. Kf2 Nc7 28. Ke2 Ne6 29. Kd3 Kf8 30. g3 Ke7 31. f4 g6 32. g4 f5 33. gxf5 gxf5 34. b4 Kd6 35. h4 b6 36. a3 a5 37. c5+ bxc5 38. bxa5 Kc6 39. Kc4 Nxf4 40. a6 Kb6 41. a7 Kxa7 42. a4 Kb6 0-1

[Event "4NCL Online Division 7"]
[Site "online"]
[Date "2021.03.09"]
[EventDate "2021.03.09"]
[Round "4.323"]
[White "Cepoi, Gesneria-Codruta"]
[WhiteElo "942"]
[WhiteTeam "Uxbridge Fury"]
[Black "Brewis, Alan"]
[BlackElo "1349"]
[BlackTeam "Hertford 4"]
[Result "1-0"]
[PlyCount "65"]

1. e4 d5 2. e5 c5 3. Nf3 Bg4 4. Be2 e6 5. d4 Nc6 6. Be3 Qb6 7. b3 Be7 8. O-O f6 9. exf6 Nxf6 10. c3 O-O 11. Ne5 Bxe2 12. Qxe2 cxd4 13. Nxc6 bxc6 14. Bxd4 c5 15. Be5 Rac8 16. Nd2 a5 17. c4 d4 18. Rab1 Rc6 19. Rfe1 Bd8 20. Qf3 Nd7 21. Qe4 Bc7 22. Nf3 Rf5 23. Bxc7 Qxc7 24. g3 Nf6 25. Qe2 Ng4 26. Nh4 Rg5 27. f4 Rg6 28. Nxg6 Ne3 29. Ne5 Rd6 30. Qd3 Qb7 31. Re2 Qe7 32. Rbb2 Qf6 33. Rxe3 1-0

[Event "4NCL Online Division 7"]
[Site "online"]
[Date "2021.03.09"]
[EventDate "2021.03.09"]
[Round "4.324"]
[White "Kirby, Brian"]
[WhiteElo "1202"]
[WhiteTeam "Hertford 4"]
[Black "Peddireddi, Satya"]
[BlackElo "920"]
[BlackTeam "Uxbridge Fury"]
[Result "1-0"]
[PlyCount "169"]

1. d4 e6 2. Nf3 d5 3. c3 Nc6 4. e3 a6 5. Nbd2 Nf6 6. Bd3 Ng4 7. O-O f6 8. h3 h5 9. Bg6+ Ke7 10. Nh2 Rh6 11. Bd3 Nxh2 12. Kxh2 Qd6+ 13. Kg1 e5 14. Be2 Bg4 15. Bxg4 hxg4 16. Qxg4 e4 17. f3 Re8 18. fxe4 Kd8 19. Qf4 Qxf4 20. Rxf4 Bd6 21. Rg4 g5 22. Nb3 Rxe4 23. Rxe4 dxe4 24. Bd2 Ne7 25. c4 Bg3 26. Be1 Bh4 27. Nc5 Bxe1 28. Rxe1 f5 29. Nxb7+ Kc8 30. Nc5 a5 31. d5 c6 32. Ne6 cxd5 33. Nxg5 dxc4 34. Rc1 Rc6 35. h4 Kb7 36. g3 Nd5 37. Kf2 a4 38. Nf7 Rc7 39. Ne5 c3 40. bxc3 Nxc3 41. a3 Kb6 42. Ke1 Kb5 43. Kd2 Nd5 44. Rxc7 Nxc7 45. h5 Ne6 46. h6 Nf8 47. Kc3 Kc5 48. Nf7 f4 49. gxf4 Kd5 50. Kb4 Ke6 51. Ng5+ Kf5 52. Kxa4 Kg4 53. Kb3 Nh7 54. Nxh7 Kf3 55. a4 Kxe3 56. a5 Kxf4 57. a6 e3 58. a7 e2 59. a8=Q e1=Q 60. Qf8+ Kg3 61. Qd6+ Kg4 62. Qd4+ Kh3 63. Ng5+ Kg2 64. Qe4+ Qxe4 65. Nxe4 Kf3 66. Nf6 Kf4 67. h7 Kg5 68. h8=Q Kf5 69. Kc4 Kg5 70. Kd4 Kf5 71. Kd5 Kg5 72. Ke6 Kf4 73. Qh4+ Kf3 74. Qg4+ Ke3 75. Kd5 Kd3 76. Qe4+ Kc3 77. Qd4+ Kb3 78. Qc4+ Kb2 79. Ne4 Ka3 80. Nc3 Kb2 81. Kd4 Ka3 82. Qa4+ Kb2 83. Qa2+ Kc1 84. Qb1+ Kd2 85. Qd1# 1-0

[Event "4NCL Online Division 7"]
[Site "online"]
[Date "2021.03.09"]
[EventDate "2021.03.09"]
[Round "4.331"]
[White "Leadbetter, Scott"]
[WhiteElo "1624"]
[WhiteTeam "Crowthorne 2"]
[Black "Sanfey, Peter"]
[BlackElo "1254"]
[BlackTeam "Barnet Knights F"]
[Result "1-0"]
[PlyCount "67"]

1. f4 d5 2. Nf3 Nf6 3. e3 g6 4. b3 Bg7 5. Bb2 O-O 6. d4 Nc6 7. Be2 b6 8. Nbd2 e6 9. Ne5 Ne7 10. g4 Bb7 11. Bf3 Ne4 12. Bxe4 dxe4 13. Qe2 Nd5 14. O-O-O f6 15. Nec4 Rb8 16. Rhg1 c5 17. dxc5 bxc5 18. Nxe4 Qc7 19. Nc3 Ba6 20. Nxd5 exd5 21. Rxd5 Qc6 22. Qd3 Rfe8 23. Rd6 Qb7 24. Qd5+ Qxd5 25. Rxd5 Bxc4 26. bxc4 Rxe3 27. Rxc5 Re4 28. f5 g5 29. Rc6 Kf7 30. Rc7+ Ke8 31. Rxg7 Kd8 32. Bxf6+ Kc8 33. Rd1 Re8 34. Rdd7 1-0

[Event "4NCL Online Division 7"]
[Site "online"]
[Date "2021.03.09"]
[EventDate "2021.03.09"]
[Round "4.332"]
[White "Rowland, Benjamin"]
[WhiteElo "1142"]
[WhiteTeam "Barnet Knights F"]
[Black "Sreeram, Yashasvini"]
[BlackElo "1189"]
[BlackTeam "Crowthorne 2"]
[Result "0-1"]
[PlyCount "108"]

1. e4 c5 2. Nf3 d6 3. d4 cxd4 4. Nxd4 Nf6 5. Nc3 g6 6. Bc4 Bg7 7. f4 Nc6 8. Bb5 Bd7 9. e5 dxe5 10. Nxc6 Bxc6 11. Qxd8+ Rxd8 12. Bxc6+ bxc6 13. fxe5 Nd7 14. Bf4 Nxe5 15. O-O f6 16. Bxe5 fxe5 17. Rae1 Bf6 18. Ne4 O-O 19. Re2 Rb8 20. b3 Rb5 21. a4 Rd5 22. Ref2 Bg7 23. Rxf8+ Bxf8 24. Kf2 Rd4 25. Ke3 Bh6+ 26. Kf3 Kf7 27. Rf2 Ke6 28. Nc5+ Kd5 29. Nd3 e4+ 30. Ke2 exd3+ 31. cxd3 Ke6 32. Rf3 Rb4 33. Rh3 Bg7 34. Rxh7 Bf6 35. Rh6 g5 36. Rh3 Rxb3 37. Re3+ Kf7 38. Kf3 Ra3 39. Re4 Rxd3+ 40. Kg4 Rd4 41. Rxd4 Bxd4 42. Kxg5 c5 43. Kf5 c4 44. Ke4 e5 45. Kf3 c3 46. Ke2 Kf6 47. Kd3 Kg5 48. Kc2 Kf4 49. Kd3 a5 50. Ke2 Ke4 51. Kd1 Kd3 52. Kc1 Be3+ 53. Kd1 c2+ 54. Ke1 c1=Q# 0-1

[Event "4NCL Online Division 7"]
[Site "online"]
[Date "2021.03.09"]
[EventDate "2021.03.09"]
[Round "4.333"]
[White "Adhikari, Aanya"]
[WhiteElo "1127"]
[WhiteTeam "Crowthorne 2"]
[Black "Rasalingam, Rishi"]
[BlackElo "1181"]
[BlackTeam "Barnet Knights F"]
[Result "1-0"]
[PlyCount "103"]

1. e4 c5 2. Nf3 Nc6 3. Nc3 d6 4. Bc4 g6 5. Ng5 e6 6. Nf3 Bg7 7. d3 Nf6 8. Be3 O-O 9. O-O b6 10. Bb5 Bb7 11. Qd2 d5 12. exd5 exd5 13. Bxc6 Bxc6 14. d4 c4 15. Bh6 Re8 16. Rfe1 Ne4 17. Qf4 f5 18. Bxg7 Kxg7 19. Ne5 Qd6 20. f3 Nf6 21. Re2 Bd7 22. Rae1 Re6 23. Qd2 Rae8 24. Nxd7 Qxd7 25. Rxe6 Rxe6 26. Rxe6 Qxe6 27. Nb5 a6 28. Nc3 Qd6 29. Qe3 f4 30. Qe5 Qxe5 31. dxe5 Ne8 32. Nxd5 b5 33. Nxf4 Kf7 34. e6+ Ke7 35. Kf2 g5 36. Nd5+ Kxe6 37. Nc3 Ke5 38. Ne4 h6 39. Ke3 Ng7 40. g3 Nf5+ 41. Ke2 Kd4 42. Kd2 Ne3 43. c3+ Ke5 44. Kxe3 Kf5 45. f4 gxf4+ 46. gxf4 Kg4 47. Nf2+ Kf5 48. Ne4 h5 49. Nd6+ Kg6 50. Ke4 h4 51. Ke5 Kg7 52. f5 1-0

[Event "4NCL Online Division 7"]
[Site "online"]
[Date "2021.03.09"]
[EventDate "2021.03.09"]
[Round "4.334"]
[White "Kuryan, Elizabeth"]
[WhiteElo "910"]
[WhiteTeam "Barnet Knights F"]
[Black "Jodhka, Aarav"]
[BlackElo "1000"]
[BlackTeam "Crowthorne 2"]
[Result "0-1"]
[PlyCount "94"]

1. e4 e5 2. Nf3 Nc6 3. d4 exd4 4. Nxd4 Nxd4 5. Qxd4 Nf6 6. e5 Qe7 7. Be2 Ng8 8. O-O d6 9. f4 dxe5 10. fxe5 Qc5 11. Qxc5 Bxc5+ 12. Kh1 f6 13. exf6 Nxf6 14. Bg5 O-O 15. Bc4+ Kh8 16. Nc3 h6 17. Bxf6 Rxf6 18. Ne4 Rxf1+ 19. Rxf1 Be7 20. Rf7 Bb4 21. Rxc7 Bf5 22. Bd3 Re8 23. Rxb7 Bxe4 24. Bxe4 Rxe4 25. h3 Bd6 26. g4 Re1+ 27. Kg2 Re2+ 28. Kf1 Rxc2 29. Rxa7 Rxb2 30. Ra8+ Rb8 31. Rxb8+ Bxb8 32. a4 Bc7 33. Ke2 Kg8 34. Kd3 Kf7 35. Kc4 Ke6 36. Kb5 Ke5 37. a5 Bxa5 38. Kxa5 Kf4 39. Kb6 Kg3 40. Kc6 Kxh3 41. Kd6 Kxg4 42. Ke6 g5 43. Kf6 h5 44. Kg6 h4 45. Kh6 h3 46. Kg6 h2 47. Kg7 h1=Q 0-1

[Event "4NCL Online Division 7"]
[Site "online"]
[Date "2021.03.09"]
[EventDate "2021.03.09"]
[Round "4.341"]
[White "Kitaev, Daniel"]
[WhiteElo "1352"]
[WhiteTeam "Grangemouth Guerillas"]
[Black "Kachkanov, Slava"]
[BlackElo "1150"]
[BlackTeam "Wantage C"]
[Result "1-0"]
[PlyCount "57"]

1. c4 c5 2. Nc3 d6 3. g3 Nc6 4. Bg2 Bd7 5. e3 Nf6 6. d4 cxd4 7. exd4 e5 8. d5 Nd4 9. Nge2 Bg4 10. O-O Nf3+ 11. Kh1 Be7 12. h3 Bh5 13. g4 Nh4 14. gxh5 Nxg2 15. Kxg2 Nxh5 16. Ng3 Nf4+ 17. Bxf4 exf4 18. Nh5 O-O 19. Nxf4 Bh4 20. Rg1 Qg5+ 21. Qg4 f5 22. Qxg5 Bxg5 23. Kf3 Rfe8 24. Rxg5 g6 25. Nxg6 hxg6 26. Rxg6+ Kh7 27. Rag1 b6 28. R6g5 Rf8 29. Rh5# 1-0

[Event "4NCL Online Division 7"]
[Site "online"]
[Date "2021.03.09"]
[EventDate "2021.03.09"]
[Round "4.342"]
[White "Reeves, Thomas"]
[WhiteElo "925"]
[WhiteTeam "Wantage C"]
[Black "Hanlon, Hugh"]
[BlackElo "1353"]
[BlackTeam "Grangemouth Guerillas"]
[Result "0-1"]
[PlyCount "116"]

1. e4 e5 2. Nf3 d6 3. Nc3 Nf6 4. h3 Be7 5. g4 Be6 6. g5 Nfd7 7. h4 Nc5 8. b4 Nca6 9. Bxa6 bxa6 10. b5 Bg4 11. Rg1 Bh5 12. bxa6 Nxa6 13. Qe2 Nc5 14. Rb1 O-O 15. Ba3 Rb8 16. Rxb8 Qxb8 17. Bxc5 dxc5 18. Qb5 Bxf3 19. Qxb8 Rxb8 20. Rg3 Bh5 21. f3 Bd6 22. a4 a6 23. Ke2 c4 24. Ke3 c6 25. Ne2 Rb2 26. f4 exf4+ 27. Nxf4 Bxf4+ 28. Kxf4 Rxc2 29. d3 Rf2+ 30. Ke3 Re2+ 31. Kd4 cxd3 32. Rxd3 g6 33. Kc5 Rc2+ 34. Kb4 c5+ 35. Kb3 Re2 36. Kc4 Rxe4+ 37. Kxc5 Rxa4 38. Rd8+ Kg7 39. Ra8 Be2 40. Kd6 Rxh4 41. Ke7 Re4+ 42. Kd8 Bb5 43. Ra7 Re5 44. Re7 Rxe7 45. Kxe7 a5 46. Kd6 a4 47. Kc5 a3 48. Kxb5 a2 49. Kc5 a1=Q 50. Kd6 Qa5 51. Kc6 Qxg5 52. Kd6 Qf5 53. Kc6 h5 54. Kd6 h4 55. Kc7 h3 56. Kc6 h2 57. Kc7 Qc5+ 58. Kb8 h1=R 0-1

[Event "4NCL Online Division 7"]
[Site "online"]
[Date "2021.03.09"]
[EventDate "2021.03.09"]
[Round "4.343"]
[White "Fowler, David"]
[WhiteElo "1223"]
[WhiteTeam "Grangemouth Guerillas"]
[Black "Richards, Edward"]
[BlackElo "790"]
[BlackTeam "Wantage C"]
[Result "1-0"]
[PlyCount "95"]

1. e4 e5 2. Nf3 Nc6 3. c3 Nf6 4. d4 d6 5. Bc4 Qe7 6. d5 Na5 7. Qa4+ Kd8 8. Qxa5 Nxe4 9. O-O Bf5 10. Qb4 b6 11. Bd3 a5 12. Qa4 Nc5 13. Qc6 Bxd3 14. Qxa8+ Kd7 15. Qc6+ Kc8 16. Re1 g6 17. Na3 Qd7 18. Qxd7+ Nxd7 19. c4 Be7 20. g4 Be4 21. Rxe4 Nc5 22. Re2 e4 23. Nd4 Kb7 24. f3 Bf6 25. Nc6 Re8 26. Rb1 h5 27. g5 Bg7 28. Nb5 Nd3 29. Rxe4 Rxe4 30. fxe4 f5 31. exf5 gxf5 32. b3 f4 33. Kg2 Ne1+ 34. Kf2 Nd3+ 35. Ke2 Ne5 36. Nxe5 dxe5 37. Kf3 Ka6 38. Bb2 Kb7 39. h4 c6 40. dxc6+ Kxc6 41. Kf2 Kc5 42. Re1 Kb4 43. Bxe5 Bxe5 44. Rxe5 f3 45. a3+ Kxb3 46. c5 Kc4 47. Nc7 Kd4 48. Re8 1-0

[Event "4NCL Online Division 7"]
[Site "online"]
[Date "2021.03.09"]
[EventDate "2021.03.09"]
[Round "4.344"]
[White "Richards, Toby"]
[WhiteElo "750"]
[WhiteTeam "Wantage C"]
[Black "Whitton, Nicholas"]
[BlackElo "1041"]
[BlackTeam "Grangemouth Guerillas"]
[Result "0-1"]
[PlyCount "72"]

1. e4 e5 2. Nf3 Nc6 3. Bb5 Nf6 4. Nc3 Bc5 5. O-O O-O 6. a3 a6 7. Bxc6 dxc6 8. Nxe5 Bd4 9. Ne2 Bxe5 10. d3 Ng4 11. f3 Bd4+ 12. Nxd4 Qxd4+ 13. Kh1 Ne3 14. Qe2 Nxf1 15. Qxf1 Be6 16. Bf4 Rac8 17. Re1 Qf6 18. g3 Qxb2 19. Rb1 Qxc2 20. Rc1 Qb3 21. Ra1 c5 22. Be3 c4 23. Qd1 cxd3 24. Bd2 Qxd1+ 25. Rxd1 c5 26. Bc3 c4 27. Bd4 Rfd8 28. Be5 Rd7 29. Kg2 c3 30. Bf4 c2 31. Bc1 cxd1=Q 32. Bg5 Qe2+ 33. Kg1 Rc1+ 34. Bxc1 d2 35. Bxd2 Rxd2 36. a4 Rd1# 0-1

[Event "4NCL Online Division 7"]
[Site "online"]
[Date "2021.03.09"]
[EventDate "2021.03.09"]
[Round "4.351"]
[White "Benhamida, Jude"]
[WhiteElo "1120"]
[WhiteTeam "Manchester Juniors D"]
[Black "McCullagh, Tim"]
[BlackElo "1390"]
[BlackTeam "Wessex Some Stars H"]
[Result "1-0"]
[PlyCount "101"]

1. e4 e5 2. Nf3 Nf6 3. Nc3 Bc5 4. Nxe5 Nc6 5. Nf3 Qe7 6. d3 d5 7. Bg5 Qe6 8. Bxf6 Qxf6 9. Nxd5 Qd8 10. Be2 O-O 11. Qd2 h6 12. Qf4 Bd6 13. e5 Bb4+ 14. Nxb4 g5 15. Qe4 a6 16. O-O a5 17. Nxc6 bxc6 18. Qxc6 Rb8 19. Qxh6 Rb6 20. Qh5 Kg7 21. Nxg5 Rh6 22. Qf3 Qxg5 23. d4 f5 24. a3 Rfh8 25. h3 Rxh3 26. Qxh3 Rxh3 27. f3 Rg3 28. Rf2 f4 29. b4 Bh3 30. Bf1 Qh5 31. bxa5 Rg6 32. Rb1 Bg4 33. fxg4 Qxg4 34. Rb7 Kh6 35. Rxc7 Rg5 36. a6 Rh5 37. Rc6+ Kg5 38. a7 Qh4 39. Re2 Qh1+ 40. Kf2 Qh4+ 41. Kf3 Qg3+ 42. Ke4 Qg4 43. Kd3 Qg3+ 44. Kc4 Qxa3 45. e6 Qa4+ 46. Kd3 Qxc6 47. Re5+ Kg4 48. Be2+ f3 49. Bxf3+ Kh4 50. Bxc6 Rxe5 51. dxe5 1-0